000 00715nam a2200253Ia 4500
003 OSt
005 20220918231033.0
006 a|||||r|||| 00| 0
007 ta
008 220917b |||||||| |||| 00| 0 eng d
020 _c90
024 _a262,681
037 _b447, 19/03/2008, Swaraj Prakashan
_cTextual
040 _aARTS
_cARTS
_beng
041 _2eng
_aeng
082 _aP111:4k, 152P2
100 _aBahri Hardev
245 0 _aConcise English Hindi dictionary
260 _aDelhi
_bRajpal & Sons India
_c2002
300 _a460p.
_ccm.
650 _aLINGUISTICS
942 _hP111:4k, 152P2
_cTEXL
_2CC
999 _c289661
_d289661